Sundarajeevitham(സുന്ദരജീവിതം) (Record no. 115255)

MARC details
000 -LEADER
fixed length control field 00436 a2200157 4500
005 - DATE AND TIME OF LATEST TRANSACTION
control field 20260407151913.0
008 - FIXED-LENGTH DATA ELEMENTS--GENERAL INFORMATION
fixed length control field 260407b |||||||| |||| 00| 0 eng d
020 ## - INTERNATIONAL STANDARD BOOK NUMBER
International Standard Book Number 9789364875769
080 ## - UNIVERSAL DECIMAL CLASSIFICATION NUMBER
Universal Decimal Classification number FM
Item number BIN/S
100 ## - MAIN ENTRY--PERSONAL NAME
Personal name Bineesh Puthuppanam
245 ## - TITLE STATEMENT
Title Sundarajeevitham(സുന്ദരജീവിതം)
260 ## - PUBLICATION, DISTRIBUTION, ETC. (IMPRINT)
Name of publisher, distributor, etc D C books
Place of publication, distribution, etc Kottayam
Date of publication, distribution, etc 2025
300 ## - PHYSICAL DESCRIPTION
Extent 128p.
653 ## - INDEX TERM--UNCONTROLLED
Uncontrolled term Fiction-Novel-Malayalam Literature
942 ## - ADDED ENTRY ELEMENTS (KOHA)
item type Books
Holdings
Lost status Source of classification or shelving scheme Not for loan Home library Current library Date acquired Cost, normal purchase price Total Checkouts Full call number Barcode Date last seen Cost, replacement price Price effective from Koha item type Public note
  Universal Decimal Classification Not For Loan University Library University Library 27/02/2026 120.01   FM BIN/S 00097334 27/02/2026 180.00 27/02/2026 Books Processing
University Library, CUSAT